Gorde:
Xehetasun bibliografikoak
Egile nagusia: Manfred Moll
Formatua: Liburua
Hizkuntza:Undetermined
Argitaratua: Paris Lavoisier 2002
Gaiak:
Etiketak: Etiketa erantsi
Etiketarik gabe, Izan zaitez lehena erregistro honi etiketa jartzen!
Thư viện lưu trữ: Trung tâm Học liệu Trường Đại học Cần Thơ
LEADER 00434nam a2200157Ia 4500
001 CTU_56433
008 210402s9999 xx 000 0 und d
082 |a 363.192 
082 |b M726 
100 |a Manfred Moll 
260 |a Paris 
260 |b Lavoisier 
260 |c 2002 
650 |a food industry and trade,food industry and trade 
650 |x sanitation,quality control 
980 |a Trung tâm Học liệu Trường Đại học Cần Thơ